Département Aude - Statistiques

Statistiques générales
  • Ce quiz a été pris 83 fois
  • Le résultat moyen est 5 sur 20
Statistiques - réponses
Indices Réponses % Correct
Quel numéro porte le département de l'Aude ? 11
100%
Quel est le chef-lieu départemental ? Carcassonne
97%
Quelle est la plus grande ville du département ? Narbonne
72%
Quel chanteur surnommé « le Fou Chantant » y est né en 1913 ? Charles Trenet
54%
Comment se nomme la croix figurant sur les armoiries ? Croix occitane
51%
Quel plat traditionnel est la spécialité culinaire de Castelnaudary ? Cassoulet
28%
Quelle commune abrite le troisième port de commerce français méditarrénéen, connu pour ses importations pétrolières ? Port-la-Nouvelle
20%
Quelle montagne a vu de nombreux adeptes d'occultisme affluer en 2012 dans la crainte de la fin du monde ? Pech de Bugarach
15%
Quelle figure du socialisme, notamment du Front populaire, a été député de l'Aude de 1919 à 1929 puis de 1929 à 1940 ? Léon Blum
14%
Quel château Cathare situé à Cucugnan et perché sur un piton rocheux a pour signification « rocher des buis » ? Quéribus
14%
Quel vin effervescent d'appellation d'origine contrôlée, était l'un des vins favoris de Thomas Jefferson ? Blanquette de Limoux
9%
Quel film sorti en 1992 a eu pour décor médiéval le château de la cité de Carcassonne ? Les Visiteurs
9%
Quel canal relie la rivière Aude à la Méditerranée et se connecte au canal du Midi par l'embranchement de La Nouvelle ? Canal de la Robine
8%
Quel personnage légendaire y aurait fait précipiter un porc nourri au blé du haut des remparts, mettant fin à un siège long de six ans ? Dame Carcas
8%
Quelle compétition internationale de kitesurf et windsurf se déroule chaque année à Leucate-La Franqui ? Mondial du vent
8%
À quel « Homme » appartenait le crâne découvert en 1971, datant de 450 000 ans ? Homme de Tautavel
6%
Quel événement gastronomique se déroule chaque weekend des Rameaux dans le but de promouvoir les différents terroirs du vignoble limouxin ? Toques et clochers
3%
Sur quel site a-t-il été trouvé ? Caune de l'Arago
2%
Quelle cavité découverte en 1934 a fait dire au célèbre spéléologue Michel Siffre : « J’ [y] ai vu des bouquets d’aragonite d’une taille unique au monde. » ? Gouffre de Cabrespine
2%
Quelle région naturelle s'étend sur trois plateaux porte pour nom un ancien comté issu de la partition du comté de Razès en 1240 ? Pays de Sault
2%
Aucun quiz correspondant
Distribution des résultats
% des personnes avec chaque résultat
Percentile par nombre de réponses
Votre historique - résultats
Vous n’avez pas pris ce quiz